000 00697nam a2200241 i 4500
003 DO-SdBNP
005 20230818135341.0
006 a||||gr|||| 00| 0
007 ta
008 230818e190? dr ||||| |||| 00| 0 spa d
040 _aDO-SdBNP
_bspa
_cBNPHU
_erda
082 4 _222
_bR426L
110 1 _aRepública Dominicana.
_bCongreso Nacional
_916501
240 _a(Ley no. 168)
245 1 0 _aLey para drogas narcóticas. /
264 _a[Santo Domingo] :
_b[sin editora],
_c[190?]
300 _a35 páginas ;
_c18 cm.
336 _2rdacontent
_atexto
_btxt
337 _2rdamedia
_asin mediación
_bn
338 _2rdacarrier
_avolumen
_bnc
590 _aInventariado 2023 / MF
942 _2ddc
_cLF2
999 _c54476
_d54476